00936nam a2200289Ia 4500008004100000020001800041041000800059082001900067100001900086245004200105250000700147260003900154300000800193365001300201650001700214650005000231650002700281650003900308700001800347700001800365700001700383700001700400942001200417999001900429952009900448952009900547140306s9999 xx 000 0 und d a9788131728123 aeng a658.72bPET/PR aBarry, Crocker aProcurement Principles and Management a10 aNew DelhibPearson Educationc2010 a448 bRs.375/- aApplications aE-Procurement systems and contract management aKey Procurement issues aPurchase objective and development aDavid, Farmer aDavid, Jessop aDavid, Jones aPeter, Baily 2ddccBK c187489d187489 00102ddc4070aKAUCBVbKAUCBVg375.00l0o658.72 PET/PRr2014-03-22 00:00:00w2014-03-22yBK 00102ddc4070aKAUCBVbKAUCBVg375.00l0o658.72 PET/PRr2014-03-22 00:00:00w2014-03-22yBK